01042nam a2200253 a 450000100100000000500170001000800410002702000150006804000250008304100380010808200140014624501590016026000390031930000280035853400650038650400660045170000310051770000300054870000270057870000390060504900090064495201180065399900170077100002525620200930023649.0110211s1986 mx ad r 000 0 spa d a9686642331 aDO-SdBNPbspacBNPHU17aspaheng2Código de idioma MARC aNNNbP76901aPolítica interior de los Estados Unidos /cCharles S. Bullock, James E. Anderson, David W. Brady ; traducción al español por José Luis González. aMéxico, D. F. :bGernika,c1986. a310 p. :bil. ;c21 cm. aTítulo original en inglés:tPublic policy in the eihties aIncluye refererncias bibliográficas al pie de las páginas1 aBullokc, Charles S.9517541 aAnderson, James E.9517551 aBrady, David W.9517561 aGonzález, José Luisetr.95327 aBNGR 001054708MOaGRbGRcCTd2011-02-11iLF1l0oNNN P769p25256-10r2020-06-25w2020-06-25y4ZPréstamo en sala c24749d24749